000 01475cam a2200145 4500500
005 20260208055628.0
041 _afre
042 _adc
100 1 0 _aBaron-Yellès, Nacima
_eauthor
700 1 0 _aLoyer, Barbara
_eauthor
245 0 0 _aL'Espagne en crise(s) : Une géopolitique au XXIe siècle
260 _bArmand Colin,
_c2015.
520 _aDepuis 2008, l’Espagne est confrontée à une crise économique profonde qui a révélé les faiblesses du système politique mis en place en 1975, à la fin de la dictature franquiste. Les réformes nécessaires pour surmonter les impasses de son modèle de développement ou le déclin démographique annoncé fragilisent la structure d’un pouvoir vacillant et discrédité par l’opinion publique. Entre mouvements « indignés », exacerbation des velléités indépendantistes, émergence de nouveaux partis, le pays apparaît aujourd’hui comme un territoire fragmenté et socialement fracturé. Quarante ans après sa transition démocratique, l’Espagne va-t-elle entrer dans une nouvelle phase de son histoire ? Pour saisir ce « moment » collectif crucial pour la société espagnole et l’ampleur des défis à venir, cette géopolitique de l’Espagne au XXIe siècle propose une grille de lecture inédite et originale pour construire une vision globale des enjeux européens actuels.
856 4 1 _uhttps://shs.cairn.info/l-espagne-en-crises--9782200600259?lang=fr&redirect-ssocas=7080
999 _c1662263
_d1662263